Statistics for Most Common First Names in the United States - L

Click here to take the quiz!

General Stats

  • This quiz has been taken 431 times
  • The average score is 10 of 20

Answer Stats

Hint Answer % Correct
22Laura
81%
29Larry
74%
3Linda
71%
75Louis
70%
11Lisa
70%
168Leo
67%
162Lauren
66%
162Leon
63%
63Lawrence
57%
107Leonard
56%
83Louise
45%
123Lee
44%
78Lori
39%
143Leslie
30%
98Lillian
28%
91Lois
26%
104Luis
25%
145Lucille
24%
144Leroy
12%
160Lloyd
11%

Score Distribution

Percentile by Number Answered

Percent of People with Each Score

Your Score History

You have not taken this quiz